00705nam a22001817a 4500003000400000020001800004082001900022100001800041245003100059250000900090260003700099300001000136650001900146942001500165952016300180952016300343999001700506SGT a9788131249079 a611.0183bT18N aNANCI ANTONIO aTEN CATE'S ORAL HISTOLOGY  a1ST  aNEW DELHI bELSEVIER INDIAc2018 a1-344 aORAL HISTOLOGY 2ddccBK07 00102ddc4070aFDbFDcTXTd2021-03-03eAHUJA BOOK COMPANY g1400.00iSGTUl4o611.0183 T18NpFD8197r2025-02-22 00:00:00s2025-02-22w2021-01-27yBKk12616 00102ddc4070aFDbFDcTXTd2021-03-03eAHUJA BOOK COMPANY g1400.00iSGTUl4o611.0183 T18NpFD8198r2023-09-04 00:00:00s2023-08-23w2021-01-27yBKk12616 c20861d20861